[Event "Paques/Easter op"]
[Site "Montreal CAN"]
[Date "1981.04.19"]
[Round "6"]
[White "Bolduc, Steve"]
[Black "Gendron, Bernard"]
[Result "1-0"]
[WhiteElo "1895"]
[BlackElo "1547"]
[PlyCount "95"]
[GameId "2160767912845489"]
[EventDate "1981.04.17"]
[EventType "swiss"]
[EventRounds "6"]
[EventCountry "CAN"]
[SourceTitle "hb 2011"]

1. d4 Nf6 2. c4 d6 3. Nc3 c6 4. g3 e5 5. dxe5 dxe5 6. Qxd8+ Kxd8 7. Nf3 Nbd7 8. Bg2 Bd6 9. O-O Ke7 10. b3 Rd8 11. Rd1 Nf8 12. Bb2 Bf5 13. e4 Bg4 14. h3 Bxf3 15. Bxf3 Ne6 16. Bg2 g5 17. Kf1 h5 18. Na4 g4 19. h4 Bc7 20. Bc3 Nd4 21. Nc5 b6 22. Na6 Rac8 23. Nxc7 Rxc7 24. c5 Rcd7 25. cxb6 axb6 26. a4 c5 27. Rab1 Rb8 28. Bxd4 Rxd4 29. Rxd4 exd4 30. f4 gxf3 31. Bxf3 Ng4 32. Bxg4 hxg4 33. Ke2 Kf6 34. Kd3 Ke5 35. Rf1 Rb7 36. Rf5+ Ke6 37. Rg5 f6 38. Rd5 Rg7 39. b4 cxb4 40. Kxd4 Ra7 41. Rb5 Rxa4 42. Rxb6+ Ke7 43. Ke3 Ra3+ 44. Kf4 b3 45. Kxg4 Ra4 46. Kf4 Ra3 47. h5 Kf7 48. Rb7+ 1-0

[Event "Specialiste qual."]
[Site "Montreal CAN"]
[Date "1981.04.11"]
[Round "1"]
[White "Deshetres, Michel"]
[Black "Bolduc, Steve"]
[Result "0-1"]
[WhiteElo "1651"]
[BlackElo "1877"]
[PlyCount "70"]
[GameId "2160767912845516"]
[EventDate "1981.04.11"]
[EventType "swiss"]
[EventRounds "4"]
[EventCountry "CAN"]
[SourceTitle "hb 2011"]

1. c4 Nf6 2. Nc3 g6 3. d4 Bg7 4. e4 d6 5. Nf3 O-O 6. Be2 e5 7. d5 Nbd7 8. Bg5 h6 9. Bh4 Qe8 10. Qc2 a6 11. O-O Nh7 12. Nd2 g5 13. Bg3 f5 14. exf5 Nc5 15. b4 Bxf5 16. Nde4 Nxe4 17. Nxe4 Qg6 18. Bd3 h5 19. f3 Kh8 20. Rad1 a5 21. a3 Nf6 22. Nxf6 Bxd3 23. Qxd3 Qxd3 24. Rxd3 Bxf6 25. Rdd1 axb4 26. axb4 Ra4 27. Rb1 Kg7 28. Rfc1 e4 29. fxe4 Bd4+ 30. Kh1 h4 31. Bxd6 cxd6 32. c5 Be5 33. c6 Ra7 34. b5 b6 35. Ra1 Rxa1 0-1

[Event "Specialiste qual."]
[Site "Montreal CAN"]
[Date "1981.04.11"]
[Round "2"]
[White "Bolduc, Steve"]
[Black "Roy, Guy"]
[Result "1-0"]
[WhiteElo "1877"]
[BlackElo "1873"]
[PlyCount "47"]
[GameId "2160767912845517"]
[EventDate "1981.04.11"]
[EventType "swiss"]
[EventRounds "4"]
[EventCountry "CAN"]
[SourceTitle "hb 2011"]

1. d4 d5 2. Nf3 g6 3. c4 c6 4. Nc3 Nf6 5. e3 Bg7 6. Bd3 O-O 7. O-O Bg4 8. h3 Bc8 9. b3 b6 10. Ba3 Bb7 11. Rc1 Nbd7 12. cxd5 cxd5 13. Qe2 a6 14. Rc2 Re8 15. Rfc1 b5 16. Bb2 Qa5 17. a4 bxa4 18. Nxa4 Rec8 19. Rxc8+ Bxc8 20. Qc2 Bb7 21. Qc7 Qb4 22. Bc3 Qa3 23. Ra1 Qxb3 24. Nd2 1-0

[Event "Specialiste qual."]
[Site "Montreal CAN"]
[Date "1981.04.12"]
[Round "3"]
[White "Bolduc, Steve"]
[Black "Alain, Benoit"]
[Result "1-0"]
[WhiteElo "1877"]
[BlackElo "1643"]
[PlyCount "127"]
[GameId "2160767912845518"]
[EventDate "1981.04.11"]
[EventType "swiss"]
[EventRounds "4"]
[EventCountry "CAN"]
[SourceTitle "hb 2011"]

1. d4 Nf6 2. c4 c5 3. d5 b5 4. cxb5 a6 5. e3 g6 6. Nc3 Bg7 7. bxa6 Nxa6 8. Bc4 d6 9. Nge2 O-O 10. O-O Nb4 11. a3 Bd7 12. f3 h5 13. Rb1 Qc8 14. b3 Na6 15. e4 h4 16. Qe1 h3 17. g4 Nh7 18. Qg3 g5 19. Qxh3 Be5 20. Qg2 Nc7 21. Bb2 f6 22. a4 Kg7 23. Na2 Rh8 24. Bxe5 fxe5 25. Ng3 Nf8 26. Nf5+ Kf7 27. Qd2 Ng6 28. Qxg5 Bxf5 29. exf5 Nf4 30. Kh1 Rh3 31. Rf2 Qh8 32. f6 exf6 33. Qf5 Qh4 34. Rbb2 Rh8 35. Bf1 Ncxd5 36. g5 Rg3 37. Nc3 Qxg5 38. Qxg5 Rxg5 39. Nxd5 Rhg8 40. h3 Rg1+ 41. Kh2 Rxf1 42. Rxf1 Nxd5 43. a5 Nb4 44. Ra1 Na6 45. Rg2 Rb8 46. Ra3 f5 47. Kg1 Rh8 48. Rh2 Rh4 49. Kf2 Kf6 50. Ra4 f4 51. Ke2 Ke6 52. Kd3 Kd5 53. Kc3 Kc6 54. Ra1 Kd5 55. Rd1+ Kc6 56. Kc4 Nc7 57. Rhd2 Nb5 58. b4 Rxh3 59. bxc5 dxc5 60. Rd3 Rh2 61. R1d2 Rh1 62. Rd1 Rh2 63. Rg1 Na3+ 64. Rxa3 1-0

[Event "Specialiste qual."]
[Site "Montreal CAN"]
[Date "1981.04.12"]
[Round "4"]
[White "Lake, Perry"]
[Black "Bolduc, Steve"]
[Result "1-0"]
[WhiteElo "1983"]
[BlackElo "1877"]
[PlyCount "57"]
[GameId "2160767912845519"]
[EventDate "1981.04.11"]
[EventType "swiss"]
[EventRounds "4"]
[EventCountry "CAN"]
[SourceTitle "hb 2011"]

1. g3 d5 2. Bg2 Nf6 3. c4 c6 4. Nf3 g6 5. b3 Bg7 6. Bb2 O-O 7. O-O e6 8. d4 b6 9. Nbd2 Bb7 10. Rc1 Nbd7 11. Rc2 Qe7 12. Qa1 Rfc8 13. Rfc1 Qe8 14. Ne1 Bh6 15. Rd1 Nh5 16. e4 f5 17. exd5 exd5 18. Nd3 Qf7 19. Nf3 Ng7 20. Nfe5 Nxe5 21. Nxe5 Qf6 22. Re1 f4 23. Ng4 Qg5 24. Nxh6+ Qxh6 25. Re7 fxg3 26. hxg3 Rab8 27. cxd5 Nf5 28. Rd7 Ne3 29. Qc1 1-0

[Event "Monteregie op"]
[Site "Longueuil CAN"]
[Date "1981.04.04"]
[Round "2"]
[White "Pichette, Mickaelin"]
[Black "Bolduc, Steve"]
[Result "1-0"]
[WhiteElo "1694"]
[BlackElo "1860"]
[PlyCount "80"]
[GameId "2160767912845523"]
[EventDate "1981.04.04"]
[EventType "swiss"]
[EventRounds "4"]
[EventCountry "CAN"]
[SourceTitle "hb 2011"]

1. e4 c5 2. Nf3 d6 3. c3 Nf6 4. Bb5+ Bd7 5. Qe2 e6 6. d4 a6 7. Bd3 Be7 8. O-O O-O 9. e5 dxe5 10. Nxe5 Nc6 11. Be3 Nxe5 12. dxe5 Nd5 13. Qh5 g6 14. Qh6 Nxe3 15. Qxe3 Rc8 16. Nd2 Bc6 17. Be4 Qb6 18. b3 Rfd8 19. Rfe1 Qc7 20. Bxc6 Qxc6 21. Ne4 Re8 22. Qh6 Kh8 23. Nf6 Bxf6 24. exf6 Rg8 25. Re3 g5 26. Rh3 Qe4 27. Rd1 Rcd8 28. Rf1 Qg6 29. f4 g4 30. f5 exf5 31. Rh5 Qxh6 32. Rxh6 Rg6 33. Rxg6 fxg6 34. Re1 Kg8 35. Re7 b6 36. Re6 Rd2 37. a4 Rc2 38. c4 f4 39. Rxb6 Rb2 40. a5 Ra2 1-0

[Event "Monteregie op"]
[Site "Longueuil CAN"]
[Date "1981.04.05"]
[Round "4"]
[White "Bolduc, Steve"]
[Black "Morissette, Jean"]
[Result "0-1"]
[WhiteElo "1860"]
[BlackElo "1792"]
[PlyCount "97"]
[GameId "2160767912845525"]
[EventDate "1981.04.04"]
[EventType "swiss"]
[EventRounds "4"]
[EventCountry "CAN"]
[SourceTitle "hb 2011"]

1. d4 Nf6 2. c4 e6 3. Nf3 b6 4. Nc3 Bb4 5. Bg5 h6 6. Bh4 c5 7. e3 Bxc3+ 8. bxc3 d6 9. Be2 O-O 10. O-O Nbd7 11. Nd2 Qc7 12. f4 Bb7 13. Bf3 Rac8 14. Bf2 e5 15. Bxb7 Qxb7 16. d5 e4 17. h4 h5 18. Re1 Ng4 19. a4 a5 20. Qc2 Ndf6 21. Nf1 Nh6 22. Rab1 Rb8 23. Rb5 Rfe8 24. Reb1 Qc7 25. R1b2 Nf5 26. Qb1 Nd7 27. Nd2 Qd8 28. Nxe4 Nxe3 29. Ng5 g6 30. Bxe3 Rxe3 31. f5 Qe7 32. Kf2 Re5 33. fxg6 Qf6+ 34. Kg1 fxg6 35. Rf2 Rf5 36. Rbb2 Rf8 37. Rxf5 Qxf5 38. Ne4 Qf4 39. Ng5 Ne5 40. Re2 Rf5 41. Re4 Qf2+ 42. Kh2 Rf4 43. Kh3 Rg4 44. Rxg4 hxg4+ 45. Kh2 Qxh4+ 46. Kg1 Qxg5 47. Qxb6 g3 48. Kf1 Qf4+ 49. Ke1 0-1

[Event "Quebec-ch classe"]
[Site "Montreal CAN"]
[Date "1981.03.20"]
[Round "1"]
[White "Demers, Claire"]
[Black "Bolduc, Steve"]
[Result "0-1"]
[WhiteElo "1710"]
[BlackElo "1840"]
[PlyCount "92"]
[GameId "2160767912845535"]
[EventDate "1981.03.20"]
[EventType "swiss"]
[EventRounds "5"]
[EventCountry "CAN"]
[SourceTitle "hb 2011"]

1. Nf3 Nf6 2. g3 g6 3. Bg2 Bg7 4. d3 d6 5. Nbd2 O-O 6. O-O c5 7. Re1 Nc6 8. e4 Qc7 9. h4 Bg4 10. Nf1 Rad8 11. N1h2 Bc8 12. Qe2 Nd7 13. Ng4 h5 14. Ne3 e6 15. Ng5 b5 16. c3 Ba6 17. Nh3 b4 18. Bd2 Nde5 19. Nf4 Bh6 20. Nc4 Nxc4 21. dxc4 Bg7 22. Rac1 Qa5 23. cxb4 cxb4 24. b3 Bb7 25. Nd3 Qb6 26. Be3 Qc7 27. c5 d5 28. Bf4 e5 29. Bg5 f6 30. Bd2 a5 31. exd5 Nd4 32. Qe3 Bxd5 33. Be4 Qc6 34. Bxd5+ Qxd5 35. Bxb4 Nf3+ 36. Kf1 Nxe1 37. Rxe1 Qxd3+ 38. Qxd3 Rxd3 39. Bxa5 Ra8 40. b4 Ra3 41. Re2 Rc3 42. Bb6 Bf8 43. Rd2 Rc4 44. Bd8 Kf7 45. b5 Rxc5 46. b6 Rb5 0-1

[Event "Quebec-ch classe"]
[Site "Montreal CAN"]
[Date "1981.03.21"]
[Round "2"]
[White "Bolduc, Steve"]
[Black "Croisetiere, Michel"]
[Result "1/2-1/2"]
[WhiteElo "1840"]
[BlackElo "1803"]
[PlyCount "49"]
[GameId "2160767912845537"]
[EventDate "1981.03.20"]
[EventType "swiss"]
[EventRounds "5"]
[EventCountry "CAN"]
[SourceTitle "hb 2011"]

1. d4 Nf6 2. c4 c5 3. d5 e5 4. Nc3 d6 5. e4 Be7 6. g3 O-O 7. Bg2 Ne8 8. Nge2 f5 9. O-O Nf6 10. a3 a6 11. f4 Nxe4 12. Nxe4 fxe4 13. Bxe4 Bh3 14. Bg2 Bxg2 15. Kxg2 Nd7 16. Bd2 Qe8 17. Qc2 Qh5 18. Bc3 Nf6 19. h3 Rae8 20. fxe5 dxe5 21. Rf5 Nxd5 22. Rxf8+ Rxf8 23. cxd5 Qf3+ 24. Kh2 Qf2+ 25. Kh1 1/2-1/2

[Event "Quebec-ch classe"]
[Site "Montreal CAN"]
[Date "1981.03.21"]
[Round "3"]
[White "Bolduc, Steve"]
[Black "Picard, Claude"]
[Result "1-0"]
[WhiteElo "1840"]
[BlackElo "1936"]
[PlyCount "63"]
[GameId "2160767912845539"]
[EventDate "1981.03.20"]
[EventType "swiss"]
[EventRounds "5"]
[EventCountry "CAN"]
[SourceTitle "hb 2011"]

1. d4 d5 2. Nf3 Nf6 3. c4 e6 4. Bg5 Nbd7 5. Nc3 c6 6. e3 Qa5 7. Bxf6 Nxf6 8. Bd3 dxc4 9. Bxc4 Bb4 10. Qc2 Nd5 11. Rc1 O-O 12. O-O Nxc3 13. bxc3 Bd6 14. Bd3 Qh5 15. c4 Kh8 16. h3 g5 17. Be2 f5 18. Ne5 Qh4 19. f4 Bxe5 20. fxe5 Bd7 21. Qb1 b6 22. a3 g4 23. hxg4 fxg4 24. Rxf8+ Rxf8 25. Rf1 Rg8 26. Qe4 Be8 27. Qf4 Qe7 28. Bxg4 Bd7 29. Qf6+ Qxf6 30. exf6 Rf8 31. d5 cxd5 32. cxd5 1-0

[Event "Quebec-ch classe"]
[Site "Montreal CAN"]
[Date "1981.03.22"]
[Round "4"]
[White "Leger, Michel"]
[Black "Bolduc, Steve"]
[Result "0-1"]
[WhiteElo "1600"]
[BlackElo "1840"]
[PlyCount "54"]
[GameId "2160767912845541"]
[EventDate "1981.03.20"]
[EventType "swiss"]
[EventRounds "5"]
[EventCountry "CAN"]
[SourceTitle "hb 2011"]

1. d4 Nf6 2. c4 g6 3. Nc3 Bg7 4. e4 d6 5. h3 O-O 6. Be3 e5 7. d5 c6 8. Rc1 Ne8 9. Qd2 f5 10. Bh6 c5 11. Bxg7 Nxg7 12. exf5 gxf5 13. Bd3 Nd7 14. Nge2 e4 15. Bb1 Ne5 16. b3 Kh8 17. Nf4 Rg8 18. Nce2 Bd7 19. Rc3 Qh4 20. Ng3 Rae8 21. O-O h5 22. Nfxh5 e3 23. Qxe3 Ng4 24. Qf4 Nxh5 25. Nxh5 Qxh5 26. hxg4 Rxg4 27. Rh3 Qxh3 0-1

[Event "Quebec-ch classe"]
[Site "Montreal CAN"]
[Date "1981.03.22"]
[Round "5"]
[White "Bolduc, Steve"]
[Black "Groleau, Gilles"]
[Result "1/2-1/2"]
[WhiteElo "1840"]
[BlackElo "1824"]
[PlyCount "35"]
[GameId "2160767912845543"]
[EventDate "1981.03.20"]
[EventType "swiss"]
[EventRounds "5"]
[EventCountry "CAN"]
[SourceTitle "hb 2011"]

1. d4 f5 2. g3 Nf6 3. Nf3 e6 4. Bg2 Be7 5. c4 d6 6. O-O O-O 7. Nc3 Qe8 8. Qc2 Qg6 9. b4 Nbd7 10. Rd1 Ne4 11. Bf4 Ndf6 12. Nd2 Nxc3 13. Qxc3 Nh5 14. Nf3 Nxf4 15. gxf4 Bd7 16. a4 Rf6 17. Kh1 Raf8 18. b5 1/2-1/2

[Event "Cavalier Blanc"]
[Site "Montreal CAN"]
[Date "1981.02.21"]
[Round "1"]
[White "Delva, Jean"]
[Black "Bolduc, Steve"]
[Result "0-1"]
[WhiteElo "2118"]
[BlackElo "1748"]
[PlyCount "106"]
[GameId "2160767912845577"]
[EventDate "1981.02.21"]
[EventType "swiss"]
[EventRounds "4"]
[EventCountry "CAN"]
[SourceTitle "hb 2011"]

1. d4 Nf6 2. c4 g6 3. Nc3 Bg7 4. e4 d6 5. Be2 O-O 6. Bg5 h6 7. Be3 e5 8. d5 c6 9. Qd2 Kh7 10. O-O-O cxd5 11. Nxd5 Nxe4 12. Qc2 Nf6 13. c5 Bf5 14. Nxf6+ Qxf6 15. Qb3 dxc5 16. g4 Be4 17. f3 c4 18. Bxc4 Nc6 19. Qa3 Bxf3 20. Nxf3 Qxf3 21. Rhf1 Qe4 22. Bd5 Qb4 23. Bxf7 Qxa3 24. bxa3 Nd4 25. Kb1 Rac8 26. Bd5 Rxf1 27. Rxf1 Rc7 28. a4 Ne2 29. Bb3 Nc3+ 30. Kb2 e4 31. Ka3 b6 32. Bf4 Rd7 33. Re1 a5 34. Bc2 Rf7 35. Bd2 Rf3 36. Re3 Bd4 37. Rxf3 exf3 38. Bxc3 Bxc3 39. Bd3 Kg7 40. Kb3 Be5 41. h3 Kf6 42. Kc4 Kg5 43. Kd5 Kf4 44. Bf1 Bf6 45. Ke6 Bd4 46. Kf7 h5 47. Kxg6 hxg4 48. hxg4 Kxg4 49. Kf7 Kg3 50. Ke6 Kf2 51. Bb5 Ke1 52. Kd5 Bc5 53. Ke4 f2 0-1

[Event "Cavalier Blanc"]
[Site "Montreal CAN"]
[Date "1981.02.21"]
[Round "2"]
[White "Desforges, Jean"]
[Black "Bolduc, Steve"]
[Result "0-1"]
[WhiteElo "1858"]
[BlackElo "1748"]
[PlyCount "108"]
[GameId "2160767912845578"]
[EventDate "1981.02.21"]
[EventType "swiss"]
[EventRounds "4"]
[EventCountry "CAN"]
[SourceTitle "hb 2011"]

1. e4 c6 2. d4 d5 3. exd5 cxd5 4. c4 Nf6 5. Nc3 Bf5 6. Nf3 e6 7. Qb3 Qb6 8. Qxb6 axb6 9. Nh4 Bc2 10. cxd5 Nxd5 11. Nxd5 exd5 12. g3 Be7 13. Nf3 Nc6 14. Bg2 Bb3 15. Be3 Bc4 16. Nd2 Bb4 17. a3 O-O 18. Rc1 Bxd2+ 19. Kxd2 Na5 20. Rc3 Rfe8 21. Kc2 Rac8 22. b4 Bb3+ 23. Kb2 Rxc3 24. Kxc3 Rc8+ 25. Kd3 Bc4+ 26. Kd2 Nb3+ 27. Kc3 Bf1+ 28. Kxb3 Bxg2 29. Rc1 Rxc1 30. Bxc1 b5 31. a4 Bf1 32. axb5 Bxb5 33. Kc3 Kf8 34. Kd2 Ke7 35. Ke3 Kf6 36. Kf4 g5+ 37. Kg4 Be2+ 38. Kh3 Kf5 39. Kg2 g4 40. h3 h5 41. hxg4+ hxg4 42. f4 gxf3+ 43. Kf2 Ke4 44. Be3 f5 45. b5 Bxb5 46. Bc1 Be2 47. Bb2 b5 48. Bc3 Kd3 49. Ba5 Kxd4 50. Bb6+ Kd3 51. Ba5 d4 52. Ke1 Kc4 53. Kd2 b4 54. Bc7 b3 0-1

[Event "Cavalier Blanc"]
[Site "Montreal CAN"]
[Date "1981.02.22"]
[Round "3"]
[White "Bolduc, Steve"]
[Black "Page, Roger"]
[Result "1-0"]
[WhiteElo "1748"]
[BlackElo "1729"]
[PlyCount "83"]
[GameId "2160767912845579"]
[EventDate "1981.02.21"]
[EventType "swiss"]
[EventRounds "4"]
[EventCountry "CAN"]
[SourceTitle "hb 2011"]

1. f4 d5 2. Nf3 Bg4 3. e3 Nd7 4. Be2 e6 5. d3 Bd6 6. Nc3 c6 7. e4 Ne7 8. O-O Qc7 9. e5 Bc5+ 10. d4 Bb6 11. Be3 Nf5 12. Bf2 a6 13. b4 O-O 14. h3 Bxf3 15. Bxf3 Ba7 16. g4 Ne7 17. Bh4 Nb6 18. Be2 Nc4 19. Bxc4 dxc4 20. Ne4 Nd5 21. c3 Ne3 22. Qf3 Nxf1 23. Rxf1 Qd7 24. f5 exf5 25. gxf5 Bxd4+ 26. cxd4 Qxd4+ 27. Kg2 Qxe5 28. Bg3 Qd5 29. Rd1 Qb5 30. a4 Qxa4 31. Rg1 Qb5 32. Bh4 g6 33. Nf6+ Kh8 34. Qc3 Qxf5 35. Nd5+ f6 36. Bxf6+ Rxf6 37. Nxf6 Kg7 38. Nh5+ Kf7 39. Qg7+ Ke6 40. Re1+ Kd5 41. Nf4+ Qxf4 42. Qd7+ 1-0

[Event "Hiver/Winter op"]
[Site "Montreal CAN"]
[Date "1981.01.30"]
[Round "1"]
[White "Dupuis, Stephane"]
[Black "Bolduc, Steve"]
[Result "0-1"]
[WhiteElo "1880"]
[BlackElo "1698"]
[PlyCount "102"]
[GameId "2160767912845664"]
[EventDate "1981.01.30"]
[EventType "swiss"]
[EventRounds "5"]
[EventCountry "CAN"]
[SourceTitle "hb 2011"]

1. d4 Nf6 2. c4 g6 3. Nc3 Bg7 4. e4 d6 5. f3 O-O 6. Be3 e5 7. d5 Ne8 8. Qd2 f5 9. Bd3 Nd7 10. Nge2 Nc5 11. Bc2 a5 12. exf5 gxf5 13. f4 Qe7 14. O-O b6 15. Ng3 e4 16. a3 a4 17. Nd1 Ba6 18. Qb4 Bc8 19. Nc3 Bd7 20. Nb5 Na6 21. Qxa4 Bxb2 22. Ra2 Bg7 23. Qb3 Nc5 24. Qb1 Bxb5 25. Qxb5 Qd7 26. Qb4 Nf6 27. Bd4 Ng4 28. Qc3 Bxd4+ 29. Qxd4 Qg7 30. Qxg7+ Kxg7 31. Re1 Kf6 32. h3 Nh6 33. Ne2 Rfe8 34. Nd4 Nf7 35. g4 fxg4 36. hxg4 Rg8 37. g5+ Nxg5 38. fxg5+ Rxg5+ 39. Kf2 Re8 40. Rg1 e3+ 41. Kf1 Rxg1+ 42. Kxg1 e2 43. Nf3 e1=Q+ 44. Nxe1 Rxe1+ 45. Kf2 Rh1 46. Kg3 h5 47. a4 Rg1+ 48. Kh4 Rg2 49. Kxh5 Ke5 50. Kh4 Kd4 51. Kh3 Rd2 0-1

[Event "Hiver/Winter op"]
[Site "Montreal CAN"]
[Date "1981.01.31"]
[Round "2"]
[White "Desforges, Jean"]
[Black "Bolduc, Steve"]
[Result "1/2-1/2"]
[WhiteElo "1901"]
[BlackElo "1698"]
[PlyCount "109"]
[GameId "2160767912845666"]
[EventDate "1981.01.30"]
[EventType "swiss"]
[EventRounds "5"]
[EventCountry "CAN"]
[SourceTitle "hb 2011"]

1. d4 Nf6 2. c4 g6 3. Nc3 Bg7 4. e4 d6 5. f3 O-O 6. Be3 e5 7. Nge2 Nc6 8. Qd2 Nd7 9. O-O-O Ne7 10. g4 b5 11. cxb5 a6 12. d5 axb5 13. Nxb5 Rxa2 14. Kb1 Ra8 15. Qc3 Ba6 16. Ng3 Rb8 17. Na7 Bxf1 18. Nxf1 Nb6 19. Nc6 Nxc6 20. Qxc6 Qd7 21. Rc1 Qxc6 22. Rxc6 Rb7 23. Nd2 Na4 24. b3 Nc5 25. Bxc5 dxc5 26. Rxc5 Bh6 27. Kc2 Bxd2 28. Kxd2 Rxb3 29. Ke2 Ra8 30. Rhc1 Ra2+ 31. R5c2 Raa3 32. Rxc7 Re3+ 33. Kd2 Rxf3 34. Rc8+ Kg7 35. R8c3 Ra2+ 36. R3c2 Rh3 37. Rxa2 Rxh2+ 38. Ke3 Rxa2 39. Rd1 Ra7 40. Kd3 Rc7 41. Rd2 Kf6 42. Ra2 Kg5 43. Rh2 h5 44. gxh5 gxh5 45. Rf2 f6 46. Rg2+ Kf4 47. Rg6 Rf7 48. Rg1 f5 49. Rf1+ Kg5 50. Rg1+ Kf6 51. exf5 Kxf5 52. Rf1+ Kg6 53. Rg1+ Kf5 54. Rf1+ Kg6 55. Rg1+ 1/2-1/2

[Event "Hiver/Winter op"]
[Site "Montreal CAN"]
[Date "1981.01.31"]
[Round "3"]
[White "Bolduc, Steve"]
[Black "Liard, Serge"]
[Result "1/2-1/2"]
[WhiteElo "1698"]
[BlackElo "1943"]
[PlyCount "73"]
[GameId "2160767912845667"]
[EventDate "1981.01.30"]
[EventType "swiss"]
[EventRounds "5"]
[EventCountry "CAN"]
[SourceTitle "hb 2011"]

1. d4 f5 2. g3 Nf6 3. Bg2 d5 4. Nf3 c6 5. O-O e6 6. b3 Bd7 7. c4 Bd6 8. Ba3 Bxa3 9. Nxa3 O-O 10. Nc2 Ne4 11. Ne5 Be8 12. f3 Ng5 13. f4 Ne4 14. Ne1 Nd7 15. N1f3 Bh5 16. Nxd7 Qxd7 17. Ne5 Qd8 18. Bf3 Nf6 19. c5 Be8 20. b4 Nd7 21. Nxd7 Bxd7 22. Qb3 g5 23. e3 g4 24. Be2 b5 25. cxb6 Qxb6 26. a4 a5 27. b5 cxb5 28. Bxb5 Bxb5 29. Rab1 Rfb8 30. Rfc1 Qd6 31. axb5 a4 32. Qa2 Ra5 33. Rc5 Qd7 34. b6 Ra6 35. Qc2 a3 36. Rc7 Qd6 37. Rc6 1/2-1/2

[Event "Hiver/Winter op"]
[Site "Montreal CAN"]
[Date "1981.02.01"]
[Round "4"]
[White "Bolduc, Steve"]
[Black "Vallieres, Mario"]
[Result "1/2-1/2"]
[WhiteElo "1698"]
[BlackElo "1890"]
[PlyCount "93"]
[GameId "2160767912845669"]
[EventDate "1981.01.30"]
[EventType "swiss"]
[EventRounds "5"]
[EventCountry "CAN"]
[SourceTitle "hb 2011"]

1. d4 f5 2. g3 Nf6 3. Bg2 e6 4. c4 Be7 5. Nf3 O-O 6. O-O d6 7. b3 a5 8. Nc3 Qe8 9. Bb2 Qh5 10. Re1 Nc6 11. e4 fxe4 12. Nxe4 Nxe4 13. Rxe4 Bf6 14. Re1 Bd7 15. Qd2 Rae8 16. Rad1 Re7 17. Re2 Ref7 18. Rde1 b6 19. a3 Bd8 20. d5 exd5 21. cxd5 Bg4 22. dxc6 Bxf3 23. Bxf3 Qxf3 24. Qc3 Qxc3 25. Bxc3 Rf3 26. Rc2 Bg5 27. Ree2 g6 28. b4 axb4 29. Bxb4 Bf6 30. Kg2 Bd4 31. Red2 Bc5 32. Re2 R8f7 33. Re8+ Rf8 34. Re7 Bxb4 35. axb4 R8f7 36. Rce2 Rxf2+ 37. Kg1 Rxe2 38. Rxe2 Kf8 39. Kg2 Re7 40. Rf2+ Ke8 41. Ra2 d5 42. Ra8+ Kf7 43. Rd8 Ke6 44. Kf3 Ke5 45. Rd7 Ke6 46. Rd8 h6 47. Ke3 1/2-1/2

[Event "Hiver/Winter op"]
[Site "Montreal CAN"]
[Date "1981.02.01"]
[Round "5"]
[White "Roy, Guy"]
[Black "Bolduc, Steve"]
[Result "1/2-1/2"]
[WhiteElo "1880"]
[BlackElo "1698"]
[PlyCount "85"]
[GameId "2160767912845670"]
[EventDate "1981.01.30"]
[EventType "swiss"]
[EventRounds "5"]
[EventCountry "CAN"]
[SourceTitle "hb 2011"]

1. e4 e6 2. d4 d5 3. Nc3 Bb4 4. e5 c5 5. a3 Bxc3+ 6. bxc3 Ne7 7. Nf3 Qc7 8. a4 b6 9. Bb5+ Bd7 10. Bd3 Bc8 11. O-O Ba6 12. Ba3 Bxd3 13. Qxd3 Nd7 14. Rfe1 O-O 15. c4 h6 16. cxd5 Nxd5 17. c4 Nb4 18. Bxb4 cxb4 19. d5 Nc5 20. Qe3 Qd7 21. Red1 Rfd8 22. a5 Qb7 23. axb6 axb6 24. Rxa8 Rxa8 25. Qd2 b3 26. Rb1 Ra2 27. Qd1 Qa8 28. d6 Qe4 29. d7 Nxd7 30. Qxb3 Qe2 31. Rf1 Rb2 32. Qc3 Nc5 33. Qd4 Ne4 34. Re1 Qxf2+ 35. Qxf2 Nxf2 36. Re3 Ng4 37. Re4 Rb1+ 38. Ne1 h5 39. h3 Nh6 40. Kf2 Kf8 41. Nd3 Ke7 42. c5 bxc5 43. Nxc5 1/2-1/2

[Event "Quebec-ch U20"]
[Site "Montreal CAN"]
[Date "1980.11.21"]
[Round "1"]
[White "Fiske, Stuart"]
[Black "Bolduc, Steve"]
[Result "0-1"]
[WhiteElo "1482"]
[BlackElo "1704"]
[PlyCount "102"]
[GameId "2160767912911572"]
[EventDate "1980.11.21"]
[EventType "swiss"]
[EventRounds "5"]
[EventCountry "CAN"]
[SourceTitle "hb 2011"]

1. d4 Nf6 2. c4 e6 3. a3 c5 4. e3 d5 5. Nf3 Be7 6. Be2 O-O 7. O-O b6 8. Nc3 Bb7 9. b3 Ne4 10. Qc2 f5 11. Rd1 Bf6 12. Bb2 Nd7 13. cxd5 Nxc3 14. Bxc3 exd5 15. Qxf5 Qe7 16. Qc2 Rac8 17. dxc5 Nxc5 18. Bxf6 Qxf6 19. b4 Ne4 20. Qd3 Rc3 21. Qd4 Qxd4 22. Rxd4 Rfc8 23. Nd2 Rc1+ 24. Rxc1 Rxc1+ 25. Bf1 Nxd2 26. Rxd2 Ba6 27. h3 Rxf1+ 28. Kh2 Bc4 29. Rc2 Ra1 30. Rc3 Ra2 31. f3 Bf1 32. Rc1 Bc4 33. Rc3 Rd2 34. Kg1 Rd3 35. Rxd3 Bxd3 36. Kf2 Kf7 37. g4 g5 38. Kg3 Kf6 39. h4 h6 40. hxg5+ hxg5 41. f4 Be2 42. Kh3 gxf4 43. exf4 d4 44. Kg3 d3 45. Kf2 Bxg4 46. Ke3 Be2 47. Kf2 Kf5 48. Ke3 b5 49. Kd2 Kxf4 50. Ke1 Ke3 51. a4 d2# 0-1

[Event "Quebec-ch U20"]
[Site "Montreal CAN"]
[Date "1980.11.21"]
[Round "2"]
[White "Bolduc, Steve"]
[Black "Chartand, Stephane"]
[Result "1/2-1/2"]
[WhiteElo "1704"]
[BlackElo "1563"]
[PlyCount "69"]
[GameId "2160767912911573"]
[EventDate "1980.11.21"]
[EventType "swiss"]
[EventRounds "5"]
[EventCountry "CAN"]
[SourceTitle "hb 2011"]

1. e4 e6 2. d4 d5 3. Nc3 Bb4 4. e5 c5 5. a3 Bxc3+ 6. bxc3 Qc7 7. Nf3 b6 8. Bd3 Ba6 9. O-O Bxd3 10. Qxd3 Ne7 11. a4 Nbc6 12. Ba3 Rc8 13. Rfd1 Nd8 14. dxc5 bxc5 15. c4 O-O 16. cxd5 exd5 17. c4 d4 18. Ng5 Ng6 19. f4 h6 20. Nh3 Ne6 21. g3 Rfe8 22. Nf2 Ngxf4 23. gxf4 Nxf4 24. Qe4 Rxe5 25. Qxf4 Rg5+ 26. Qxg5 hxg5 27. Nd3 Qa5 28. Bxc5 Rxc5 29. Nxc5 Qxc5 30. Rac1 f5 31. Rd3 Kf7 32. Rcd1 Qe5 33. Rxd4 Qe3+ 34. Kf1 Qf3+ 35. Kg1 1/2-1/2

[Event "Quebec-ch U20"]
[Site "Montreal CAN"]
[Date "1980.11.21"]
[Round "3"]
[White "Bolduc, Steve"]
[Black "De Lagrave, Sylvain"]
[Result "1/2-1/2"]
[WhiteElo "1704"]
[BlackElo "1864"]
[PlyCount "86"]
[GameId "2160767912911574"]
[EventDate "1980.11.21"]
[EventType "swiss"]
[EventRounds "5"]
[EventCountry "CAN"]
[SourceTitle "hb 2011"]

1. d4 Nf6 2. c4 g6 3. Nc3 d5 4. Bf4 Bg7 5. Nf3 O-O 6. e3 c6 7. Be2 Qa5 8. O-O Bf5 9. Qb3 Qb6 10. Qxb6 axb6 11. cxd5 cxd5 12. h3 Rc8 13. g4 Be6 14. Rfc1 Nc6 15. Nb5 Ne8 16. a3 Na5 17. Nd2 Bd7 18. Nc7 Nxc7 19. Bxc7 b5 20. Bxa5 Rxc1+ 21. Rxc1 Rxa5 22. Nb3 Ra8 23. Rc5 b4 24. axb4 Rc8 25. Rxc8+ Bxc8 26. Bb5 b6 27. f4 Bb7 28. Nc1 e6 29. Nd3 Bf8 30. Bd7 Bd6 31. b5 Kf8 32. Bc6 Bc8 33. Kf2 f6 34. h4 h6 35. g5 hxg5 36. fxg5 fxg5 37. hxg5 Be7 38. Ne5 Bxg5 39. Nxg6+ Kg8 40. Ne5 Bd8 41. Kf3 Kf8 42. e4 dxe4+ 43. Kxe4 Ke7 1/2-1/2